[Event "1st Irena Warakomska Memorial"]
[Site "Suwalki"]
[Date "2017.08.18"]
[Round "9"]
[White "Mulet, Piotr"]
[Black "Zylka, Stanislaw"]
[Result "1-0"]
[WhiteElo "2295"]
[BlackElo "2368"]
[Annotator "ChessBase"]
[PlyCount "119"]
[EventDate "2017.??.??"]
[EventType "swiss"]
[EventCountry "POL"]
[SourceTitle "playchess.com"]
[Source "ChessBase"]
[SourceQuality "1"]
[TimeControl "40/5400+30:1800+30"]

1. e4 {[%emt 0:00:00]} e5 {[%emt 0:00:07]} 2. f4 {[%emt 0:00:00]} exf4 {[%emt 0:00:12]} 3. Nf3 {[%emt 0:00:00]} Ne7 {[%emt 0:00:51]} 4. d4 {[%emt 0:00:53]} d5 {[%emt 0:00:16]} 5. e5 {[%emt 0:00:13]} Ng6 {[%emt 0:01:19]} 6. Bd3 {[%emt 0:01:26]} Be7 {[%emt 0:03:18]} 7. Bxg6 {[%emt 0:13:34]} fxg6 {[%emt 0:13:19]} 8. Bxf4 {[%emt 0:00:09]} O-O {[%emt 0:02:29]} 9. Be3 {[%emt 0:01:39]} c6 {[%emt 0:01:37]} 10. Nbd2 {[%emt 0:01:10]} Na6 {[%emt 0:00:30]} 11. O-O {[%emt 0:05:13]} Bf5 {[%emt 0:01:30]} 12. a4 {[%emt 0:02:29]} Nc7 {[%emt 0:02:27]} 13. a5 {[%emt 0:00:19]} Ne6 {[%emt 0:00:23]} 14. Rf2 {[%emt 0:05:55]} g5 {[%emt 0:00:47]} 15. Nf1 {[%emt 0:10:26]} Qd7 {[%emt 0:01:10]} 16. Qd2 {[%emt 0:02:23]} h6 {[%emt 0:00:33]} 17. c3 {[%emt 0:03:48]} Rf7 {[%emt 0:01:32]} 18. b4 {[%emt 0:00:38]} Raf8 {[%emt 0:01:04]} 19. Ne1 {[%emt 0:02:09]} Nf4 {[%emt 0:20:18]} 20. Ng3 {[%emt 0:00:05]} Bh7 {[%emt 0:02:03]} 21. Qd1 {[%emt 0:02:49]} Bg6 {[%emt 0:00:52]} 22. Raa2 {[%emt 0:02:19]} Qe6 {[%emt 0:01:23]} 23. Rf1 {[%emt 0:03:12]} h5 {[%emt 0:08:15]} 24. Raf2 {[%emt 0:03:18]} h4 {[%emt 0:00:46]} 25. Bxf4 {[%emt 0:00:21]} gxf4 {[%emt 0:01:03]} 26. Ne2 {[%emt 0:02:34]} Qg4 {[%emt 0:04:59]} 27. h3 {[%emt 0:07:17]} Qh5 {[%emt 0:08:40]} 28. a6 {[%emt 0:06:28]} bxa6 {[%emt 0:01:58]} 29. Nf3 {[%emt 0:08:20]} Be4 {[%emt 0:01:14]} 30. Qa4 {[%emt 0:00:06]} g5 {[%emt 0:01:18]} 31. Qxc6 {[%emt 0:00:23]} g4 {[%emt 0:00:29]} 32. hxg4 {[%emt 0:00:33]} Qxg4 {[%emt 0:00:07]} 33. Nh2 {[%emt 0:02:03]} Qg5 {[%emt 0:00:25]} 34. Nf3 {[%emt 0:01:26]} Qg4 {[%emt 0:00:12]} 35. Nh2 {[%emt 0:00:05]} Qg5 {[%emt 0:00:09]} 36. Nf3 {[%emt 0:00:06]} Qf5 {[%emt 0:10:28]} 37. Nd2 {[%emt 0:05:15]} Rg7 {[%emt 0:00:51]} 38. Nxe4 {[%emt 0:00:26]} Qxe4 {[%emt 0:00:21]} 39. Qe6+ {[%emt 0:00:12]} Kh7 {[%emt 0:05:04]} 40. Qh3 {[%emt 0:00:00]} Bg5 {[%emt 0:02:23]} 41. Kh1 {[%emt 0:04:46]} Kg8 {[%emt 0:06:29]} 42. Ng1 {[%emt 0:00:51]} Be7 {[%emt 0:08:08]} 43. Re2 {[%emt 0:02:14]} Qg6 {[%emt 0:00:41]} 44. Qf3 {[%emt 0:00:38]} Qe6 {[%emt 0:00:21]} 45. Qh3 {[%emt 0:01:02]} Qc6 {[%emt 0:01:25]} 46. Qd3 {[%emt 0:01:46]} Rc8 {[%emt 0:02:42]} 47. Rf3 {[%emt 0:01:52]} Rg3 {[%emt 0:01:16]} 48. Ra2 {[%emt 0:01:37]} Qxc3 {[%emt 0:04:04]} 49. Rxg3+ {[%emt 0:00:15]} hxg3 {[%emt 0:01:00]} 50. Qg6+ {[%emt 0:00:07]} Kh8 {[%emt 0:00:30]} 51. Rxa6 {[%emt 0:00:56]} Qc2 {[%emt 0:00:06]} 52. Qh5+ {[%emt 0:04:18]} Kg7 {[%emt 0:00:05]} 53. Qg4+ {[%emt 0:00:22]} Kf7 {[%emt 0:01:24]} 54. Rh6 {[%emt 0:07:16]} Rf8 {[%emt 0:04:02]} 55. e6+ {[%emt 0:00:31]} Ke8 {[%emt 0:00:05]} 56. Qh5+ {[%emt 0:00:05]} Kd8 {[%emt 0:00:33]} 57. Qxd5+ {[%emt 0:00:08]} Kc7 {[%emt 0:01:03]} 58. Qd7+ {[%emt 0:00:06]} Kb6 {[%emt 0:00:06]} 59. Qxe7 {[%emt 0:00:28]} f3 {[%emt 0:00:06]} 60. Qc5+ {[%emt 0:00:15]} 1-0

[Event "1st Irena Warakomska Memorial"]
[Site "Suwalki"]
[Date "2017.08.18"]
[Round "9"]
[White "Sowul, Bartosz"]
[Black "Kulon, Klaudia"]
[Result "1-0"]
[WhiteElo "2183"]
[BlackElo "2359"]
[Annotator "ChessBase"]
[PlyCount "73"]
[EventDate "2017.??.??"]
[EventType "swiss"]
[EventCountry "POL"]
[SourceTitle "playchess.com"]
[Source "ChessBase"]
[SourceQuality "1"]
[TimeControl "40/5400+30:1800+30"]

1. d4 {[%emt 0:00:00]} Nf6 {[%emt 0:00:04]} 2. Bg5 {[%emt 0:00:00]} d5 {[%emt 0:00:10]} 3. Bxf6 {[%emt 0:00:34]} gxf6 {[%emt 0:00:04]} 4. c4 {[%emt 0:00:54]} c6 {[%emt 0:01:06]} 5. e3 {[%emt 0:01:51]} Bf5 {[%emt 0:02:12]} 6. Nc3 {[%emt 0:00:11]} e6 {[%emt 0:00:35]} 7. Nge2 {[%emt 0:01:12]} Bd6 {[%emt 0:02:13]} 8. Ng3 {[%emt 0:07:20]} Bg6 {[%emt 0:01:43]} 9. Qb3 {[%emt 0:03:43]} Qd7 {[%emt 0:07:26]} 10. Be2 {[%emt 0:09:36]} h5 {[%emt 0:05:59]} 11. c5 {[%emt 0:02:18]} Be7 {[%emt 0:04:04]} 12. h4 {[%emt 0:02:01]} Qc7 {[%emt 0:04:29]} 13. Qd1 {[%emt 0:02:24]} b6 {[%emt 0:01:39]} 14. cxb6 {[%emt 0:16:18]} Qxb6 {[%emt 0:00:23]} 15. Na4 {[%emt 0:00:12]} Qa5+ {[%emt 0:00:23]} 16. Kf1 {[%emt 0:00:12]} Bd6 {[%emt 0:06:58]} 17. Rh3 {[%emt 0:02:12]} Nd7 {[%emt 0:02:32]} 18. Rc1 {[%emt 0:02:46]} Ke7 {[%emt 0:04:28]} 19. a3 {[%emt 0:01:08]} Nb6 {[%emt 0:05:06]} 20. Nc5 {[%emt 0:08:19]} Rab8 {[%emt 0:04:18]} 21. e4 {[%emt 0:06:05]} Nc4 {[%emt 0:13:19]} 22. b4 {[%emt 0:02:22]} Qb5 {[%emt 0:00:05]} 23. Bxc4 {[%emt 0:05:40]} dxc4 {[%emt 0:00:05]} 24. Qe2 {[%emt 0:00:06]} a5 {[%emt 0:06:21]} 25. Nf5+ {[%emt 0:03:56]} Bxf5 {[%emt 0:00:06]} 26. exf5 {[%emt 0:00:06]} axb4 {[%emt 0:04:23]} 27. a4 {[%emt 0:04:07]} Qa5 {[%emt 0:02:22]} 28. fxe6 {[%emt 0:00:16]} Bxc5 {[%emt 0:01:18]} 29. exf7+ {[%emt 0:00:10]} Kf8 {[%emt 0:00:30]} 30. dxc5 {[%emt 0:02:00]} c3 {[%emt 0:01:55]} 31. Re1 {[%emt 0:03:14]} Qc7 {[%emt 0:04:14]} 32. Qe6 {[%emt 0:02:29]} Qxf7 {[%emt 0:08:19]} 33. Qd6+ {[%emt 0:00:37]} Kg8 {[%emt 0:00:47]} 34. Rg3+ {[%emt 0:00:11]} Kh7 {[%emt 0:00:23]} 35. Re7 {[%emt 0:00:44]} Rb7 {[%emt 0:00:35]} 36. Qd3+ {[%emt 0:00:47]} f5 {[%emt 0:00:06]} 37. Qxf5+ {[%emt 0:00:09]} 1-0